This or That: Alphabetical Elements Quiz Stats

 Plays Quiz Updated Aug 5, 2014

Support Sporcle.
Go Orange.
Score 0/16 Timer 02:00
0 Plays Today
Element A Answer % Correct
Ir???
73.8%
Co???
73.5%
Fm???
71.2%
Sb???
70.7%
F???
66.8%
Pt???
65.8%
Sm???
65.4%
Ag???
61.6%
Element A Answer % Correct
Gd???
60.7%
Hg???
59.2%
H???
57.4%
B???
56.8%
Ca???
56.5%
Na???
55.6%
Er???
46.7%
Cm???
41.1%

You're not logged in!

Compare scores with friends on all Sporcle quizzes.
OR
Log In

From the Vault

The Seven Kingdoms of Westeros

by CyanideNow

Is it just us, or does Westeros experience some weird weather patterns?
Remove Ads.
Support Sporcle.
Get the best of Sporcle when you Go Orange. This ad-free experience offers more features, more stats, and more fun while also helping to support Sporcle. Thank you for becoming a member.

Show Comments

Extras

Top Quizzes Today


Score Distribution

Your Account Isn't Verified!

In order to create a playlist on Sporcle, you need to verify the email address you used during registration. Go to your Sporcle Settings to finish the process.

Report this User

Report this user for behavior that violates our Community Guidelines.

Details: